Usabilidad y satisfacción de la e-Rúbrica (Record no. 177310)

MARC details
000 -CABECERA
campo de control de longitud fija 02491cab a2200277 ab4500
005 - FECHA Y HORA DE LA ÚLTIMA TRANSACCIÓN
campo de control 20260108064015.0
008 - ELEMENTOS DE LONGITUD FIJA--INFORMACIÓN GENERAL
campo de control de longitud fija 991125c2014 sp qr p o 000 0 spa d
035 ## - NÚMERO DE CONTROL DEL SISTEMA
Número de control de sistema UPN01000205209
040 ## - FUENTE DE LA CATALOGACIÓN
Centro catalogador/agencia de origen MX-MxUPN
Lengua de catalogación spa
Centro/agencia transcriptor MX-MxUPN
Normas de descripción aacr2
049 ## - COLECCIÓN
Colección ART-E
100 1# - ASIENTO PRINCIPAL--NOMBRE PERSONAL
Nombre de persona Serrano Angulo, José
9 (RLIN) 38528
100 1# - ASIENTO PRINCIPAL--NOMBRE PERSONAL
Filiación joseserrano@uma.es
100 1# - ASIENTO PRINCIPAL--NOMBRE PERSONAL
Nombre de persona Cebrián Robles, Daniel
100 1# - ASIENTO PRINCIPAL--NOMBRE PERSONAL
Filiación dcebrian@uma.es
245 10 - MENCIÓN DE TÍTULO
Título Usabilidad y satisfacción de la e-Rúbrica
Medio [recurso electrónico en línea]
506 0# - NOTA DE RESTRICCIONES AL ACCESO
Limitaciones de acceso Acceso abierto
520 3# - NOTA DE RESUMEN, ETC.
Sumario, etc. En este trabajo se evalúa la usabilidad de herramientas en línea utilizadas en la educación universitaria. De todas las posibles herramientas se centra en especial en las e-Rúbricas utilizadas para la autoevaluación y la evaluación entre pares. Los resultados muestran un alto grado de usabilidad de esta herramienta y de satisfacción por parte de estudiantes que la emplean como recurso en su formación académica. Desde la perspectiva del diseño y de la accesibilidad se señalan los aspectos a mejorar en las e-Rúbricas evaluadas, sin entrar en aspectos de contenido de las mismas, o de los indicadores empleados, o de otras características propias de los instrumentos de evaluación, sino desde la perspectiva técnica de manejo en la web. Los resultados se han obtenido de la aplicación de un instrumento en línea del que se tiene un coeficiente de fiabilidad alfa de Cronbach de 0,889. El instrumento utilizado consta de unas pocas preguntas descriptivas sobre quien contesta y qué herramienta evalúa, seguidas de 22 enunciados en una escala Likert del 1 al 5. Los enunciados están dispuestos alternativamente en forma directa (1 peor valoración, a 5 mejor valoración), e indirecta (1 mejor valoración, a 5 peor valoración). Los resultados muestran que más del 50% de los que completan el cuestionario valoran la usabilidad de las herramientas evaluadas positivamente, en especial la e-Rúbrica, y menos del 20% valoran la usabilidad como baja. Este cuestionario puede utilizarse en la evaluación de la usabilidad de cualquier herramienta en la Web.
650 #4 - ASIENTO SECUNDARIO DE MATERIA - TERMINO TEMATICO
Término de materia o nombre geográfico como elemento de entrada Evaluación
9 (RLIN) 14106
653 0# - TERMINO DE INDIZACION - NO CONTROLADO
Término no controlado E-RUBRICAS
653 0# - TERMINO DE INDIZACION - NO CONTROLADO
Término no controlado SATISFACCION DEL USUARIO
773 ## - ENLACE AL DOCUMENTO FUENTE/ENTRADA DE REGISTRO ANFITRIÓN
Parte(s) relacionada(s) Vol. 12, no. 1 (2014), p. 177-195
Título REDU: revista de docencia universitaria
Número Internacional Normalizado para Publicaciones Seriadas 1887-4592
856 4# - LOCALIZACIÓN Y ACCESO ELECTRÓNICOS
Identificador Uniforme del Recurso <a href="https://polipapers.upv.es/index.php/REDU/article/view/6426">https://polipapers.upv.es/index.php/REDU/article/view/6426</a>
902 ## - ELEMENTOS DE DATOS B LOCAL, LDB (RLIN)
Creó Leonor Sotres
Modificó Leonor Sotres/181022/M
905 ## - TIPO DE MATERIAL
Tipo de material Articulo
942 ## - ELEMENTOS DE PUNTO DE ACCESO ADICIONAL (KOHA)
Tipo de ítem Koha Artículo Electrónico
Holdings
Estado de retiro Estado de pérdida Estado dañado No para préstamo Código de colección Localización permanente Ubicación/localización actual Ubicación en estantería Fecha de adquisición Total de préstamos Fecha visto por última vez Identificador Uniforme del Recurso Precio válido a partir de Tipo de ítem Koha
        Acceso abierto Bib. Gregorio Torres Quintero Bib. Gregorio Torres Quintero En línea 18/10/2022   18/10/2022 https://polipapers.upv.es/index.php/REDU/article/view/6426 18/10/2022 Artículo Electrónico